000 00310nam a2200133Ia 4500
005 20251222155149.0
008 251222s9999||||xx |||||||||||||| ||spa||
082 _aETI.204
100 _aVICTOR VICH.
245 0 _aPensamientos para pensar,
250 _a1ra. ed.
264 _bPrinting press
942 _cLIB
999 _c39508
_d39508